<?xml version="1.0" encoding="UTF-8"?>
<record
    xmlns:xsi="http://www.w3.org/2001/XMLSchema-instance"
    xsi:schemaLocation="http://www.loc.gov/MARC21/slim http://www.loc.gov/standards/marcxml/schema/MARC21slim.xsd"
    xmlns="http://www.loc.gov/MARC21/slim">

  <leader>009170000a22001210004500</leader>
  <datafield tag="100" ind1="1" ind2=" ">
    <subfield code="a">Santiago, Didier Arnulfo</subfield>
  </datafield>
  <datafield tag="245" ind1="1" ind2="0">
    <subfield code="a">El papel de la pregunta en la construcci&#xF3;n de personas cr&#xED;ticas.</subfield>
  </datafield>
  <datafield tag="300" ind1=" " ind2=" ">
    <subfield code="a">no.48 (ene. - feb., 2011), p. 28-31</subfield>
  </datafield>
  <datafield tag="520" ind1=" " ind2=" ">
    <subfield code="a">&#xC9;ste art&#xED;culo pretende mostrar c&#xF3;mo la pregunta es parte vital de la vida de las personas y c&#xF3;mo &#xE9;sta se va perdiendo con la llegada de la edad adulta, en tanto que los sistemas educativos y culturales mutilan la capacidad tan natural en los ni&#xF1;os para preguntar. Pero que si &#xE9;sta capacidad de preguntar se potencia desde edades tempranas en el marco de una comunidad de indagaci&#xF3;n al estilo de filosof&#xED;a para ni&#xF1;os, puede contribuir a la construcci&#xF3;n de seres humanos m&#xE1;s cr&#xED;ticos frente al entorno cultural y social que los rodea.</subfield>
  </datafield>
  <datafield tag="650" ind1="1" ind2="4">
    <subfield code="a">EDUCACION DE NI&#xD1;OS</subfield>
  </datafield>
  <datafield tag="773" ind1="0" ind2=" ">
    <subfield code="t">Revista internacional magisterio : educaci&#xF3;n y ped</subfield>
  </datafield>
  <datafield tag="942" ind1=" " ind2=" ">
    <subfield code="c">ANA</subfield>
  </datafield>
  <datafield tag="952" ind1=" " ind2=" ">
    <subfield code="0">0</subfield>
    <subfield code="1">0</subfield>
    <subfield code="4">0</subfield>
    <subfield code="7">0</subfield>
    <subfield code="8">HEM</subfield>
    <subfield code="a">FUSBC</subfield>
    <subfield code="b">FUSBC</subfield>
    <subfield code="d">2016-01-26</subfield>
    <subfield code="l">0</subfield>
    <subfield code="o"> </subfield>
    <subfield code="r">2016-01-26 00:00:00</subfield>
    <subfield code="w">2016-01-26</subfield>
    <subfield code="y">ANA</subfield>
  </datafield>
  <datafield tag="999" ind1=" " ind2=" ">
    <subfield code="c">63294</subfield>
    <subfield code="d">63294</subfield>
  </datafield>
</record>
